LEADER 01114nam a2200241 i 4500 001 000000039349 003 CaOOAMICUS 005 20100506000000.0 008 100506s1955 it u000 u ita u 013 $a10084 040 $aSeMil$bita 100 1 $aBascapè, Giacomo Carlo,$d<1902-1993>.$0(OLS)http://semarc/name/10607 245 13$aIl Collegio Borromeo di Pavia :$bcontributo alla storia della vita universitaria /$cGiacomo C. Bascapé. 260 $aMilano :$bAlfieri & Lacroix,$c1955. 300 $a80 p., [8] p. di tav. ;$c28 cm. 500 $aContiene : Nota bibliografica. 600 04$aBorromeo, Carlo .$0(OLS)http://semarc/subject/690 650 4$aPavia - Collegio Borromeo.$0(OLS)http://semarc/subject/8018 850 $aSeMil 852 $aSeMil$W1$xVenegono$y1$m3G VI 116$j5504$B5504$CSeMilBibl$Z2$F5504 $81 961 $aOmaggio: Martini Card. Carlo Maria 996 $6245$aIl Collegio Borromeo di Pavia :$bcontributo alla storia della vita universitaria$9(OLS)http://semarc/title/55987 996 $6260$aMilano :$bAlfieri & Lacroix$9(OLS)http://semarc/publisher/37433 LEADER 01265nam a2200265 i 4500 001 000000105790 003 CaOOAMICUS 005 20020314000000.0 008 020314s2002 gw u000 u ger u 013 $a77984 020 $a3-11-017471-5 040 $aSeMil$bita 100 1 $aRo, Johannes Un-Sok,$d<1971- >.$0(OLS)http://semarc/name/44563 245 14$aDie sogenannte "Armenfrömmigkeit" im nachexilischen Israel /$cJohannes Ro Un-Sok. 260 $aBerlin ; New York :$bDe Gruyter,$c2002. 300 $aXI, 238 p. ;$c24 cm. 490 0 $aBeihefte zur Zeitschrift für die alttestamentliche Wissenschaft ;$v322 650 4$aBibbia. Antico Testamento - Commentari, studi, critica, interpretazioni.$0(OLS)http://semarc/subject/2 830 0$aBeihefte zur Zeitschrift für die alttestamentliche Wissenschaft ;$v322.$0(OLS)http://semarc/title/294 850 $aSeMil 852 $aSeMil$W1$xVenegono$y1$m2XA Q 322$j249971$B61952$CSeMilBibl$Z2$F71309 $81 961 $aSottoscrizione: De Gruyter 996 $6020$a3-11-017471-5$9(OLS)http://semarc/number/86041 996 $6245$aDie sogenannte "Armenfrömmigkeit" im nachexilischen Israel$9(OLS)http://semarc/title/153232 996 $6260$aBerlin ; New York :$bDe Gruyter$9(OLS)http://semarc/publisher/29892